| 000 | 00490nam a2200169Ia 4500 | ||
|---|---|---|---|
| 999 |
_c20155 _d20155 |
||
| 003 | OSt | ||
| 005 | 20200702101216.0 | ||
| 008 | 190216s9999||||xx |||||||||||||| ||und|| | ||
| 020 | _a0521072271 | ||
| 040 | _coclc | ||
| 082 |
_a913.3703 _bCAI/R |
||
| 100 |
_aCairns, Trevor _93431 |
||
| 245 | 4 |
_aThe Romans And Their Empire / _cTrevor Cairns |
|
| 260 |
_bCambridge Uty Press, _c1977. _aLondon: |
||
| 300 | _a96p | ||
| 942 |
_cBK _2ddc _h913.3703 _iCAI/R _k913.3703 _mCAI/R |
||